[Event "London Classic op 5th"]
[Site "London"]
[Date "2013.12.12"]
[Round "6"]
[White "Osborne, Marcus E"]
[Black "De Andres Gonalons, Fernando"]
[Result "1/2-1/2"]
[WhiteElo "2286"]
[BlackElo "2040"]
[PlyCount "123"]
[EventDate "2013.12.07"]
[EventType "swiss"]
[EventRounds "9"]
[EventCountry "ENG"]
[SourceTitle "CBM 157 Extra"]
[Source "ChessBase"]
[SourceDate "2013.12.19"]
[SourceVersion "1"]
[SourceVersionDate "2013.12.19"]
[SourceQuality "1"]

1. d4 d5 2. c4 dxc4 3. e3 e6 4. Bxc4 Nf6 5. Nf3 c5 6. 0-0 a6 7. Nc3 b5 8. Be2 Bb7 9. dxc5 Qxd1 10. Nxd1 Bxc5 11. a4 bxa4 12. Rxa4 Nc6 13. Nd2 Ne5 14. Nb3 Be7 15. Na5 Bc8 16. f4 Ned7 17. Bf3 Nd5 18. Nc3 N7b6 19. Re4 Nxc3 20. bxc3 Bd7 21. Bd2 Rc8 22. Rb1 Na4 23. Rd4 Nc5 24. Nb7 Rc7 25. c4 Nxb7 26. Rxb7 Rxb7 27. Bxb7 Bc5 28. Rd3 Ke7 29. Bxa6 Rb8 30. Bc3 f6 31. Bd4 Bxd4 32. exd4 Rb1+ 33. Kf2 Rb6 34. Ra3 Rb2+ 35. Ke3 Rxg2 36. Bb5 Bxb5 37. cxb5 Rxh2 38. Ra7+ Kd6 39. Rxg7 Rb2 40. Rb7 Rb3+ 41. Kd2 Kd5 42. Kc2 Rb4 43. Kc3 Rb1 44. Rd7+ Ke4 45. Kc4 Rc1+ 46. Kb4 Kxf4 47. Rxh7 f5 48. b6 Ke4 49. Rc7 Rb1+ 50. Kc5 f4 51. b7 Rc1+ 52. Kd6 Rb1 53. Rf7 f3 54. Kc7 Kxd4 55. Rxf3 e5 56. Rf6 Rxb7+ 57. Kxb7 e4 58. Kc6 e3 59. Re6 Kd3 60. Rd6+ Kc2 61. Kd5 e2 62. Re6 1/2-1/2

[Event "London Classic op 5th"]
[Site "London"]
[Date "2013.12.07"]
[Round "1"]
[White "De Andres Gonalons, Fernando"]
[Black "Zhou, Yang Fan"]
[Result "0-1"]
[WhiteElo "2040"]
[BlackElo "2483"]
[PlyCount "64"]
[EventDate "2013.12.07"]
[EventType "swiss"]
[EventRounds "9"]
[EventCountry "ENG"]
[SourceTitle "CBM 157 Extra"]
[Source "ChessBase"]
[SourceDate "2013.12.19"]
[SourceVersion "1"]
[SourceVersionDate "2013.12.19"]
[SourceQuality "1"]

1. d4 g6 2. c4 Bg7 3. Nf3 d6 4. Nc3 Nd7 5. g3 e5 6. Bg2 Ne7 7. 0-0 0-0 8. e4 exd4 9. Nxd4 Nc6 10. Nxc6 bxc6 11. Qc2 Qf6 12. Nd1 Re8 13. Bd2 Qe6 14. Rc1 Rb8 15. b3 Nc5 16. Be3 Nxe4 17. Bxa7 Ra8 18. Be3 f5 19. f3 Nc3 20. Re1 Rxa2 21. Qd3 Nxd1 22. Rcxd1 f4 23. Bd2 Qf7 24. Rxe8+ Qxe8 25. Re1 Qf7 26. Bxf4 Bf5 27. Qe3 c5 28. Kh1 Bd4 29. Qc1 Bf2 30. Rd1 Qe6 31. Bf1 Qe8 32. Rd2 Be3 0-1

[Event "Arber op 2nd"]
[Site "Bayerisch Eisenstein"]
[Date "2013.07.02"]
[Round "4"]
[White "Keller, Alexander"]
[Black "De Andres Gonalons, Fernando"]
[Result "0-1"]
[WhiteElo "1909"]
[BlackElo "2099"]
[PlyCount "94"]
[EventDate "2013.06.29"]
[EventType "swiss"]
[EventRounds "9"]
[EventCountry "GER"]
[SourceTitle "CBM 155 Extra"]
[Source "ChessBase"]
[SourceDate "2013.08.26"]
[SourceVersion "1"]
[SourceVersionDate "2013.08.26"]
[SourceQuality "1"]

1. Nc3 d5 2. e4 e6 3. f4 dxe4 4. Nxe4 Nd7 5. Nf3 Ngf6 6. Nf2 b6 7. g3 Bb7 8. Bg2 Bd6 9. 0-0 0-0 10. d4 c5 11. Be3 cxd4 12. Bxd4 Qc7 13. Re1 Rac8 14. c3 Rcd8 15. Qc2 Rfe8 16. Be5 Bxe5 17. fxe5 Bxf3 18. Bxf3 Nxe5 19. Bg2 Neg4 20. Ne4 Nxe4 21. Bxe4 Qc5+ 22. Kh1 Nf2+ 23. Kg2 Nxe4 24. Qxe4 Rd2+ 25. Re2 Red8 26. Rae1 Qd5 27. Qxd5 R8xd5 28. Kf3 R5d3+ 29. Ke4 f5+ 30. Kf4 Rxe2 31. Rxe2 Kf7 32. h4 Kf6 33. g4 fxg4 34. Kxg4 e5 35. h5 Ke6 36. a3 Rd8 37. Rf2 b5 38. Kg5 e4 39. Rg2 Rf8 40. Re2 Ke5 41. Rd2 e3 42. Rd7 Re8 43. Rd3 Ke4 44. Rd4+ Kf3 45. Rf4+ Ke2 46. Kg4 Kd2 47. Rd4+ Kc2 0-1

[Event "Hamburg St Pauli op"]
[Site "Hamburg"]
[Date "2012.07.13"]
[Round "7"]
[White "Sturm, Timo"]
[Black "De Andres Gonalons, Fernando"]
[Result "1-0"]
[WhiteElo "2002"]
[BlackElo "2123"]
[PlyCount "65"]
[EventDate "2012.07.07"]
[EventType "swiss"]
[EventRounds "9"]
[EventCountry "GER"]
[SourceTitle "EXT 2013"]
[Source "ChessBase"]
[SourceDate "2012.11.22"]
[SourceVersion "1"]
[SourceVersionDate "2012.11.22"]
[SourceQuality "1"]

1. d4 d5 2. c4 e6 3. Nf3 c5 4. cxd5 exd5 5. g3 Nf6 6. Bg2 Be7 7. 0-0 0-0 8. dxc5 Bxc5 9. Bg5 Nc6 10. Qc2 Be7 11. Nc3 h6 12. Bf4 Bd6 13. Bxd6 Qxd6 14. Rad1 Be6 15. Nd4 Nxd4 16. Rxd4 Qe5 17. Qd2 Rac8 18. Nxd5 Nxd5 19. Bxd5 Bxd5 20. Rxd5 Qe4 21. Rd3 Qa4 22. b3 Qa3 23. Rd5 b6 24. Rd1 Qa6 25. a4 Rce8 26. e3 Rc8 27. Qb4 Qe2 28. Kg2 Rc2 29. Qf4 f6 30. Rd8 Qh5 31. Rxf8+ Kxf8 32. Rd8+ Kf7 33. Qd4 1-0

[Event "Bad Woerishofen op 28th"]
[Site "Bad Woerishofen"]
[Date "2012.03.10"]
[Round "9"]
[White "De Andres Gonalons, Fernando"]
[Black "Leiber, Bernhard"]
[Result "0-1"]
[WhiteElo "2084"]
[BlackElo "2190"]
[PlyCount "70"]
[EventDate "2012.03.02"]
[EventType "swiss"]
[EventRounds "9"]
[EventCountry "GER"]
[SourceTitle "EXT 2019"]
[Source "ChessBase"]
[SourceDate "2018.10.10"]
[SourceVersion "1"]
[SourceVersionDate "2018.10.10"]
[SourceQuality "1"]

1. d4 Nf6 2. c4 d6 3. Nc3 g6 4. Nf3 Bg7 5. g3 0-0 6. Bg2 Nbd7 7. 0-0 e5 8. e4 c6 9. h3 Re8 10. Be3 exd4 11. Nxd4 Nc5 12. Qc2 a5 13. Rad1 Nfd7 14. Nb3 Qe7 15. Rfe1 Nxb3 16. axb3 Nc5 17. Na4 Nxa4 18. bxa4 Be6 19. Rd2 Rec8 20. c5 d5 21. exd5 cxd5 22. Bxd5 Bxh3 23. Rc1 Be5 24. Qb3 Rc7 25. Rc4 Bf5 26. Rd1 Re8 27. Bd2 Rd7 28. Rcc1 Qf6 29. Bxa5 Bxb2 30. Re1 Ra8 31. Bc3 Bxc3 32. Rxc3 Rxd5 33. Qxd5 Qxc3 34. Re7 Be6 35. Qxb7 Rd8 0-1

[Event "Bad Woerishofen op 28th"]
[Site "Bad Woerishofen"]
[Date "2012.03.06"]
[Round "5"]
[White "De Andres Gonalons, Fernando"]
[Black "Frei, Markus"]
[Result "1-0"]
[WhiteElo "2084"]
[BlackElo "1962"]
[PlyCount "33"]
[EventDate "2012.03.02"]
[EventType "swiss"]
[EventRounds "9"]
[EventCountry "GER"]
[SourceTitle "EXT 2019"]
[Source "ChessBase"]
[SourceDate "2018.10.10"]
[SourceVersion "1"]
[SourceVersionDate "2018.10.10"]
[SourceQuality "1"]

1. d4 d5 2. c4 c6 3. Nf3 Nf6 4. Nc3 e6 5. e3 Nbd7 6. Bd3 dxc4 7. Bxc4 b5 8. Bd3 c5 9. Bxb5 Bb7 10. 0-0 Be7 11. dxc5 Bxf3 12. Qxf3 Bxc5 13. Rd1 Rc8 14. e4 Qc7 15. Bf4 e5 16. Nd5 Nxd5 17. Rxd5 1-0

[Event "Hastings Masters op 87th"]
[Site "Hastings"]
[Date "2011.12.29"]
[Round "2"]
[White "Griffiths, Ryan Rhys"]
[Black "De Andres Gonalons, Fernando"]
[Result "1-0"]
[WhiteElo "2310"]
[BlackElo "2091"]
[PlyCount "53"]
[EventDate "2011.12.28"]
[EventType "swiss"]
[EventRounds "9"]
[EventCountry "ENG"]
[SourceTitle "CBM 146 Extra"]
[Source "ChessBase"]
[SourceDate "2012.02.29"]
[SourceVersion "1"]
[SourceVersionDate "2012.02.29"]
[SourceQuality "1"]

1. e4 e6 2. d3 d5 3. Qe2 Nf6 4. Nf3 Be7 5. g3 0-0 6. Bg2 c5 7. 0-0 Nc6 8. e5 Nd7 9. c4 dxc4 10. dxc4 Qc7 11. Bf4 Rd8 12. Rd1 Nf8 13. Nc3 Ng6 14. Nb5 Qb6 15. Rxd8+ Bxd8 16. Rd1 Be7 17. Bg5 a6 18. Nd6 Nd4 19. Nxd4 cxd4 20. Bxe7 Nxe7 21. Qd2 Nf5 22. Nxf5 exf5 23. Qxd4 Qxd4 24. Rxd4 Kf8 25. Rd6 Ke7 26. Rb6 Rb8 27. Bd5 1-0

[Event "Bayern-chI Bank Hofmann 15th"]
[Site "Bad Wiessee"]
[Date "2011.11.06"]
[Round "9"]
[White "De Andres Gonalons, Fernando"]
[Black "Rivas Pastor, Manuel"]
[Result "0-1"]
[WhiteElo "2137"]
[BlackElo "2559"]
[PlyCount "82"]
[EventDate "2011.10.29"]
[EventType "swiss"]
[EventRounds "9"]
[EventCountry "GER"]
[SourceTitle "EXT 2012"]
[Source "ChessBase"]
[SourceDate "2011.11.24"]
[SourceVersion "1"]
[SourceVersionDate "2011.11.24"]
[SourceQuality "1"]

1. d4 e6 2. c4 Bb4+ 3. Bd2 Qe7 4. Nf3 f5 5. g3 Nf6 6. Bg2 Bxd2+ 7. Qxd2 Ne4 8. Qc2 b6 9. 0-0 Bb7 10. Nc3 0-0 11. Nxe4 Bxe4 12. Qc3 Nc6 13. e3 a5 14. Rfd1 Qb4 15. Rac1 Rfc8 16. Ne1 Bxg2 17. Kxg2 Qxc3 18. Rxc3 Kf7 19. Nf3 Kf6 20. d5 Nb4 21. dxe6 dxe6 22. a3 Na6 23. Rcd3 Nc5 24. R3d2 Ne4 25. Rd7 a4 26. Ne1 Nc5 27. R7d2 Nb3 28. Rd7 Nc5 29. R7d2 Ne4 30. Rd7 Nd6 31. Rc1 Nb7 32. Nc2 Nc5 33. Rdd1 Nb3 34. Rb1 c5 35. Rd6 Na5 36. Rxb6 Nxc4 37. Rb5 Rab8 38. Rxb8 Rxb8 39. f3 Rd8 40. Rc1 Rd2+ 41. Kg1 Nxb2 0-1

[Event "Cappelle op 27th"]
[Site "Cappelle la Grande"]
[Date "2011.02.27"]
[Round "2"]
[White "De Andres Gonalons, Fernando"]
[Black "Giffard, Nicolas"]
[Result "1/2-1/2"]
[WhiteElo "2084"]
[BlackElo "2317"]
[PlyCount "82"]
[EventDate "2011.02.26"]
[EventType "swiss"]
[EventRounds "9"]
[EventCountry "FRA"]
[SourceTitle "CBM 141 Extra"]
[Source "ChessBase"]
[SourceDate "2011.05.03"]
[SourceVersion "1"]
[SourceVersionDate "2011.05.03"]
[SourceQuality "1"]

1. d4 d5 2. c4 Nc6 3. Nf3 Bg4 4. cxd5 Bxf3 5. dxc6 Bxc6 6. Nc3 Nf6 7. e3 a6 8. Qc2 e6 9. a3 Be7 10. Bd2 0-0 11. f3 Be8 12. Bd3 c5 13. dxc5 Bxc5 14. 0-0 Qb6 15. Rfe1 a5 16. Kh1 Rd8 17. Rad1 h6 18. Bc1 Bc6 19. Na4 Bxa4 20. Qxa4 Nd5 21. e4 Ne7 22. Bb5 Nc8 23. Bd7 Nd6 24. Bf4 Nc8 25. Rd3 Qxb2 26. Bc7 Nb6 27. Bxb6 Qxb6 28. Red1 Qc7 29. Qc4 b6 30. Bb5 Rxd3 31. Rxd3 h5 32. g3 h4 33. Kg2 hxg3 34. hxg3 Qe5 35. Qc3 Qg5 36. a4 Rd8 37. Rxd8+ Qxd8 38. Qd3 Bd4 39. f4 Qd6 40. Qc4 Bc5 41. Qd3 Bd4 1/2-1/2